000 00551nam a2200169Ia 4500
005 20250508163350.0
008 008 250505s9999 xx 000 0 eng d
037 _aTextual
040 _aFEDL
_beng
_cFEDL
041 _aeng
_2eng
084 _a371.911, BLI
_qFEDL
245 0 _aMutual perception of the blind and the sighted : A study on the reciprocal attitude of the blind and the sighted
260 _aDelhi, India
_bThe Blind Relief Association
300 _a93p.
942 _cTEXL
_h371.911, BLI
999 _c1382580
_d1382580